<?xml version="1.0" encoding="UTF-8"?>
<record
    xmlns:xsi="http://www.w3.org/2001/XMLSchema-instance"
    xsi:schemaLocation="http://www.loc.gov/MARC21/slim http://www.loc.gov/standards/marcxml/schema/MARC21slim.xsd"
    xmlns="http://www.loc.gov/MARC21/slim">

  <leader>02473nam a22002537a 4500</leader>
  <controlfield tag="003">Uzh_bibl</controlfield>
  <controlfield tag="008">260223b        |||||||| |||| 00| 0 ukr d</controlfield>
  <datafield tag="020" ind1=" " ind2=" ">
    <subfield code="a">978-966-688-140-6</subfield>
    <subfield code="c">150.00</subfield>
  </datafield>
  <datafield tag="040" ind1=" " ind2=" ">
    <subfield code="b">&#x443;&#x43A;&#x440;.</subfield>
  </datafield>
  <datafield tag="041" ind1=" " ind2=" ">
    <subfield code="2">swe</subfield>
    <subfield code="a">ukr</subfield>
  </datafield>
  <datafield tag="080" ind1=" " ind2=" ">
    <subfield code="a">821(485)</subfield>
  </datafield>
  <datafield tag="090" ind1=" " ind2=" ">
    <subfield code="a">821(485)</subfield>
    <subfield code="b">&#x413; 37</subfield>
  </datafield>
  <datafield tag="100" ind1=" " ind2=" ">
    <subfield code="a"> &#x413;&#x435;&#x440;&#x43D;&#x491;&#x440;&#x435;&#x43D;,&#x41C;&#x443;&#x430;</subfield>
  </datafield>
  <datafield tag="245" ind1=" " ind2=" ">
    <subfield code="a">&#x420;&#x43E;&#x437;&#x43B;&#x443;&#x447;&#x435;&#x43D;&#x43D;&#x44F;</subfield>
    <subfield code="c">&#x43F;&#x435;&#x440;.&#x437; &#x430;&#x43D;&#x433;&#x43B;.&#x41D;.&#x406;&#x432;&#x430;&#x43D;&#x438;&#x447;&#x443;&#x43A;</subfield>
    <subfield code="h">&#x422;&#x435;&#x43A;&#x441;&#x442;</subfield>
  </datafield>
  <datafield tag="260" ind1=" " ind2=" ">
    <subfield code="a">&#x41A;&#x438;&#x457;&#x432;</subfield>
    <subfield code="b">&#x41D;&#x43E;&#x440;&#x430;-&#x414;&#x440;&#x443;&#x43A;</subfield>
    <subfield code="c">2024</subfield>
  </datafield>
  <datafield tag="300" ind1=" " ind2=" ">
    <subfield code="a">332 &#x441;.</subfield>
    <subfield code="b">&#x456;&#x43B;.</subfield>
    <subfield code="f">&#x412; &#x43E;&#x43F;&#x440;.</subfield>
  </datafield>
  <datafield tag="520" ind1=" " ind2=" ">
    <subfield code="a">&#x411;&#x435;&#x430; &#x431;&#x443;&#x43B;&#x430; &#x434;&#x443;&#x436;&#x435; &#x440;&#x430;&#x434;&#x430; &#x43F;&#x440;&#x43E;&#x43C;&#x456;&#x43D;&#x44F;&#x442;&#x438; &#x437;&#x430;&#x434;&#x443;&#x448;&#x43B;&#x438;&#x432;&#x443; &#x43B;&#x456;&#x442;&#x43D;&#x44E; &#x441;&#x43F;&#x435;&#x43A;&#x443; &#x421;&#x442;&#x43E;&#x43A;&#x433;&#x43E;&#x43B;&#x44C;&#x43C;&#x430; &#x43D;&#x430; &#x432;&#x456;&#x434;&#x43F;&#x443;&#x441;&#x442;&#x43A;&#x443; &#x43D;&#x430; &#x43E;&#x441;&#x442;&#x440;&#x43E;&#x432;&#x456; &#x490;&#x43E;&#x442;&#x43B;&#x430;&#x43D;&#x434;. &#x412;&#x43E;&#x43D;&#x430; &#x437; &#x43D;&#x435;&#x442;&#x435;&#x440;&#x43F;&#x456;&#x43D;&#x43D;&#x44F;&#x43C; &#x447;&#x435;&#x43A;&#x430;&#x454; &#x43C;&#x43E;&#x436;&#x43B;&#x438;&#x432;&#x43E;&#x441;&#x442;&#x456; &#x43F;&#x440;&#x43E;&#x432;&#x435;&#x441;&#x442;&#x438; &#x43B;&#x456;&#x442;&#x43E; &#x437;&#x456; &#x441;&#x432;&#x43E;&#x457;&#x43C; &#x43A;&#x43E;&#x445;&#x430;&#x43D;&#x438;&#x43C; &#x447;&#x43E;&#x43B;&#x43E;&#x432;&#x456;&#x43A;&#x43E;&#x43C; &#x41D;&#x456;&#x43A;&#x43B;&#x430;&#x441;&#x43E;&#x43C;, &#x437; &#x44F;&#x43A;&#x438;&#x43C; &#x436;&#x438;&#x432;&#x435; &#x443; &#x448;&#x43B;&#x44E;&#x431;&#x456; &#x442;&#x440;&#x438;&#x434;&#x446;&#x44F;&#x442;&#x44C; &#x434;&#x432;&#x430; &#x440;&#x43E;&#x43A;&#x438;, &#x442;&#x430; &#x457;&#x445;&#x43D;&#x456;&#x43C;&#x438; &#x434;&#x432;&#x43E;&#x43C;&#x430; &#x434;&#x43E;&#x43D;&#x44C;&#x43A;&#x430;&#x43C;&#x438;-&#x43F;&#x456;&#x434;&#x43B;&#x456;&#x442;&#x43A;&#x430;&#x43C;&#x438;, &#x430; &#x442;&#x430;&#x43A;&#x43E;&#x436; &#x432;&#x456;&#x434;&#x43F;&#x43E;&#x447;&#x438;&#x442;&#x438; &#x432;&#x456;&#x434; &#x441;&#x442;&#x440;&#x435;&#x441;&#x443; &#x43F;&#x43E;&#x432;&#x441;&#x44F;&#x43A;&#x434;&#x435;&#x43D;&#x43D;&#x43E;&#x433;&#x43E; &#x436;&#x438;&#x442;&#x442;&#x44F; &#x432; &#x43A;&#x43E;&#x43C;&#x43F;&#x430;&#x43D;&#x456;&#x457; &#x443;&#x43B;&#x44E;&#x431;&#x43B;&#x435;&#x43D;&#x438;&#x445; &#x441;&#x432;&#x435;&#x43A;&#x440;&#x456;&#x432;. &#x41E;&#x434;&#x43D;&#x43E;&#x433;&#x43E; &#x432;&#x435;&#x447;&#x43E;&#x440;&#x430;, &#x43D;&#x435;&#x437;&#x430;&#x434;&#x43E;&#x432;&#x433;&#x43E; &#x434;&#x43E; &#x432;&#x456;&#x434;&#x2019;&#x457;&#x437;&#x434;&#x443;, &#x411;&#x435;&#x430; &#x442;&#x430; &#x41D;&#x456;&#x43A;&#x43B;&#x430;&#x441; &#x43F;&#x43E;&#x441;&#x432;&#x430;&#x440;&#x438;&#x43B;&#x438;&#x441;&#x44C;, &#x437;&#x434;&#x430;&#x432;&#x430;&#x43B;&#x43E;&#x441;&#x44C; &#x431;&#x438;, &#x431;&#x443;&#x434;&#x435;&#x43D;&#x43D;&#x43E;, &#x447;&#x435;&#x440;&#x435;&#x437; &#x43D;&#x435;&#x437;&#x43D;&#x430;&#x447;&#x43D;&#x443; &#x43F;&#x440;&#x43E;&#x431;&#x43B;&#x435;&#x43C;&#x443;. &#x41D;&#x456;&#x43A;&#x43B;&#x430;&#x441; &#x456;&#x434;&#x435; &#x434;&#x43E; &#x434;&#x440;&#x443;&#x433;&#x430;, &#x449;&#x43E;&#x431; &#x432;&#x438;&#x43F;&#x443;&#x441;&#x442;&#x438;&#x442;&#x438; &#x43F;&#x430;&#x440;&#x443;. &#x410;&#x43B;&#x435; &#x43C;&#x438;&#x43D;&#x430;&#x44E;&#x442;&#x44C; &#x433;&#x43E;&#x434;&#x438;&#x43D;&#x438;, &#x41D;&#x456;&#x43A;&#x43B;&#x430;&#x441; &#x43D;&#x435; &#x43F;&#x43E;&#x432;&#x435;&#x440;&#x442;&#x430;&#x454;&#x442;&#x44C;&#x441;&#x44F; &#x434;&#x43E;&#x434;&#x43E;&#x43C;&#x443;, &#x456; &#x440;&#x43E;&#x437;&#x434;&#x440;&#x430;&#x442;&#x443;&#x432;&#x430;&#x43D;&#x43D;&#x44F; &#x411;&#x435;&#x430; &#x43D;&#x435;&#x437;&#x430;&#x431;&#x430;&#x440;&#x43E;&#x43C; &#x43F;&#x435;&#x440;&#x435;&#x440;&#x43E;&#x441;&#x442;&#x430;&#x454; &#x432; &#x43F;&#x430;&#x43D;&#x456;&#x43A;&#x443;&#x2026;
&#x417;&#x430;&#x445;&#x43E;&#x43F;&#x43B;&#x438;&#x432;&#x443; &#x43F;&#x43E;&#x431;&#x443;&#x442;&#x43E;&#x432;&#x443; &#x434;&#x440;&#x430;&#x43C;&#x443; &#xAB;&#x420;&#x43E;&#x437;&#x43B;&#x443;&#x447;&#x435;&#x43D;&#x43D;&#x44F;&#xBB; &#x43D;&#x430;&#x43F;&#x438;&#x441;&#x430;&#x43D;&#x43E; &#x437; &#x442;&#x435;&#x43F;&#x43B;&#x43E;&#x442;&#x43E;&#x44E; &#x442;&#x430; &#x43C;&#x430;&#x439;&#x441;&#x442;&#x435;&#x440;&#x43D;&#x456;&#x441;&#x442;&#x44E;, &#x437;&#x430;&#x432;&#x434;&#x44F;&#x43A;&#x438; &#x44F;&#x43A;&#x438;&#x43C; &#x440;&#x43E;&#x43C;&#x430;&#x43D;&#x438; &#x41C;&#x443;&#x430; &#x413;&#x435;&#x440;&#x43D;&#x491;&#x440;&#x435;&#x43D;, &#x432;&#x456;&#x434; &#x44F;&#x43A;&#x438;&#x445; &#x43D;&#x435;&#x43C;&#x43E;&#x436;&#x43B;&#x438;&#x432;&#x43E; &#x432;&#x456;&#x434;&#x456;&#x440;&#x432;&#x430;&#x442;&#x438;&#x441;&#x44F; &#x456; &#x44F;&#x43A;&#x456; &#x441;&#x442;&#x430;&#x43B;&#x438; &#x431;&#x435;&#x441;&#x442;&#x441;&#x435;&#x43B;&#x435;&#x440;&#x430;&#x43C;&#x438; &#x432; &#x428;&#x432;&#x435;&#x446;&#x456;&#x457; &#x442;&#x430; &#x437;&#x430; &#x457;&#x457; &#x43C;&#x435;&#x436;&#x430;&#x43C;&#x438;, &#x43F;&#x456;&#x434;&#x43D;&#x456;&#x43C;&#x430;&#x44E;&#x442;&#x44C; &#x441;&#x435;&#x440;&#x439;&#x43E;&#x437;&#x43D;&#x456; &#x43F;&#x438;&#x442;&#x430;&#x43D;&#x43D;&#x44F; &#x43F;&#x440;&#x43E; &#x442;&#x435;, &#x447;&#x43E;&#x43C;&#x443; &#x441;&#x442;&#x43E;&#x441;&#x443;&#x43D;&#x43A;&#x438; &#x440;&#x43E;&#x437;&#x43F;&#x430;&#x434;&#x430;&#x44E;&#x442;&#x44C;&#x441;&#x44F; &#x456; &#x447;&#x438; &#x437;&#x430;&#x432;&#x436;&#x434;&#x438; &#x442;&#x43E;&#x439;, &#x445;&#x442;&#x43E; &#x439;&#x434;&#x435;, &#x2014; &#x43F;&#x43E;&#x433;&#x430;&#x43D;&#x430; &#x43B;&#x44E;&#x434;&#x438;&#x43D;&#x430;.</subfield>
  </datafield>
  <datafield tag="521" ind1=" " ind2=" ">
    <subfield code="a">&#x414;&#x43B;&#x44F; &#x448;&#x438;&#x440;&#x43E;&#x43A;&#x43E;&#x433;&#x43E; &#x43A;&#x43E;&#x43B;&#x430; &#x447;&#x438;&#x442;&#x430;&#x447;&#x456;&#x432;</subfield>
  </datafield>
  <datafield tag="546" ind1=" " ind2=" ">
    <subfield code="a">&#x443;&#x43A;&#x440;.</subfield>
  </datafield>
  <datafield tag="650" ind1=" " ind2=" ">
    <subfield code="a">&#x41B;&#x456;&#x442;&#x435;&#x440;&#x430;&#x442;&#x443;&#x440;&#x43D;&#x43E;-&#x445;&#x443;&#x434;&#x43E;&#x436;&#x43D;&#x435; &#x432;&#x438;&#x434;&#x430;&#x43D;&#x43D;&#x44F;</subfield>
  </datafield>
  <datafield tag="653" ind1=" " ind2=" ">
    <subfield code="a">&#x412;&#x456;&#x434;&#x43F;&#x43E;&#x447;&#x438;&#x43D;&#x43E;&#x43A;</subfield>
    <subfield code="a">&#x421;&#x432;&#x430;&#x440;&#x43A;&#x430;</subfield>
    <subfield code="a">&#x417;&#x43D;&#x438;&#x43A;&#x43D;&#x435;&#x43D;&#x43D;&#x44F;</subfield>
  </datafield>
  <datafield tag="655" ind1=" " ind2=" ">
    <subfield code="a">&#x421;&#x443;&#x447;&#x430;&#x441;&#x43D;&#x430; &#x437;&#x430;&#x440;&#x443;&#x431;&#x456;&#x436;&#x43D;&#x430; &#x43F;&#x440;&#x43E;&#x437;&#x430; </subfield>
    <subfield code="v">&#x440;&#x43E;&#x43C;&#x430;&#x43D;</subfield>
  </datafield>
  <datafield tag="942" ind1=" " ind2=" ">
    <subfield code="2">udc</subfield>
    <subfield code="c">BK</subfield>
  </datafield>
  <datafield tag="999" ind1=" " ind2=" ">
    <subfield code="c">16847</subfield>
    <subfield code="d">16847</subfield>
  </datafield>
  <datafield tag="952" ind1=" " ind2=" ">
    <subfield code="0">0</subfield>
    <subfield code="1">0</subfield>
    <subfield code="2">udc</subfield>
    <subfield code="4">0</subfield>
    <subfield code="7">0</subfield>
    <subfield code="a">CMB</subfield>
    <subfield code="b">CMB</subfield>
    <subfield code="c">AB</subfield>
    <subfield code="d">2026-02-05</subfield>
    <subfield code="e">&#x41F;&#x43E;&#x434;&#x430;&#x440;&#x43E;&#x432;&#x430;&#x43D;&#x456;</subfield>
    <subfield code="i">80693</subfield>
    <subfield code="l">1</subfield>
    <subfield code="o">821(485)</subfield>
    <subfield code="p">19163</subfield>
    <subfield code="r">2026-04-18</subfield>
    <subfield code="s">2026-04-02</subfield>
    <subfield code="w">2026-02-23</subfield>
    <subfield code="y">BK</subfield>
  </datafield>
</record>
